000 00373pab a2200145 454500
008 180718b2005 xxu||||| |||| 00| 0 eng d
100 _aJain, Prakash C.
245 _aIndian entrepreneurs in the Gulf countries: some case studies
260 _c2005
300 _ap.123-42.
362 _aOct-Dec
650 _aEntrepreneurs
773 _aIndia Quarterly
909 _a69375
999 _c69375
_d69375